000 00572nam a2200181Ia 4500
008 151213s9999 xx 000 0 und d
020 _a978-0-07-070072-7
082 _a658
_b658
100 _aHeinz weihrich, Mark v.Cannice, Harold Koontz
245 _aManagement:a global & Entrepreneurial respective
_cHeinz weihrich, Mark v.Cannice, Harold Koontz
250 _a13th
260 _aNew Delhi
_bTata McgrawHill
_c2010
300 _a10789 p.
650 _aManagement
650 _aManagement
700 _aHeinz weihrich, Mark v.Cannice, Harold Koontz
999 _c4901
_d4901